[Event "Washington Class Championships"]
[Site "Chess.com"]
[Date "2020.11.29"]
[Round "6"]
[White "Valentin Razmov (Coach_Valent"]
[Black "Sophie Szeto (sls701)"]
[Result "1/2-1/2"]
[WhiteElo "1986"]
[BlackElo "1755"]
[Annotator "Valentin Razmov"]
[PlyCount "82"]
[EventDate "2020.??.??"]
[TimeControl "5400+30"]

{This was a last round game in the Class A/B section, where both players were
in contention for 1st place. White needed a win, whereas for Black even a draw
would suffice.} 1. d4 d5 2. c4 e6 3. Nc3 Nf6 4. cxd5 exd5 5. Bg5 Be7 6. e3 h6 {
The Exchange variation of Queen's Gambit Declined has been a common guest at
tournaments on all levels in recent years.} 7. Bh4 O-O 8. Bd3 b6 9. Nge2 {
The so-called Botvinnik variation, in which White forgoes the option to land a
knight on e5 in return for an attempt to organize a push through the center
via f3 & e4, in the proper moment. Instead, 9.Nf3 is quite playable and also
normal in this position.} Bb7 10. O-O Nbd7 11. f3 (11. Rc1 {has been a more
frequent choice in recent years among master-level players, with White scoring
well.}) 11... c5 {Black's plan is to organize queen-side pressure led by their
3-vs-2 pawn majority, where the c-pawn goes c7-c5-c4, unless White exchanges
on c5 allowing hanging pawns on c5-d5. White's plan in this line is to press
in the center and on the king-side.} 12. Rc1 Re8 13. Bf2 a6 14. Ng3 {The last
move in this game, known to the opening databases. White's idea is to prepare
e3-e4, while not dismissing the possibility to organize an attack starting
with Ng3-Nf5.} Bd6 {A logical novelty. The position is balanced.} 15. Nf5 {
The knight felt invited and also curious where the bishop will go next.} Bc7 (
15... Bf8 {is more natural. Black likely chose the alternative 15...Bc7 with
an idea to create counter-pressure along the h2-b8 diagonal, perhaps even
causing White to weaken their king-side pawn structure.}) 16. Re1 {Taking over
the support of the e3-pawn from the bishop, so that the latter can meet the
anticipated black battery along the h2-b8 diagonal.} (16. Bb1 {was another
valid idea, stepping back from being chased by c5-c4. Alternatively, there is
also 16. b3, preventing c5-c4 for the time being.}) 16... Qb8 17. Bg3 {Both 17.
h3 and 17. g3 felt like they might be too (unnecessarily) weakening or
limiting for White's position. However, the downside of 17. Bg3 is that it is
more reactive, letting Black dictate the agenda and relieving some of the
pressure (via the bishop exchange) from Black's relatively limited space.} Bxg3
18. Nxg3 Qc7 19. Qd2 Rad8 20. Qf2 c4 21. Bb1 b5 22. a3 {Both sides are
carefully maneuvering, awaiting the right moment to step up the action.} Nb8 {
Reassigning the knight to c6, from where it will press on the d4-pawn and help
against White's ideas for e3-e4. Hence, White felt the need to act now with
the center push, rather than to continue preparing it with 23. Rcd1 Nc6 24. h3.
} 23. e4 dxe4 24. fxe4 $6 {Perhaps not the best recapture, as the central
pawns can be attacked and blockaded. But White never really questioned the
idea of having two connected central pawns as a prelude to a desired king-side
attack. This is also where the calm positional game ends, and the open clash
begins.} Ng4 $2 {In general, the central pawn thrust succeeds if Black cannot
meet it with a challenge to the center via c7-c5 and/or Nf6-Ng4, attacking
White's weak areas such as the e3-square and the h2-pawn. Yet the immediate 24.
.. Ng4 does not accomplish anything useful for Black. Instead...} (24... Qb6 $1
{was promising Black a better game:} 25. d5 (25. Rcd1 Ng4 26. Qd2 Nc6 {and
White's central pawns are experiencing considerable pressure}) 25... Qxf2+ 26.
Kxf2 Ng4+ 27. Kg1 Nd7 {⩱}) 25. Qf3 Nf6 {Admitting the loss of two tempi.} 26.
Nf5 {White senses a moment to start an attack.} Nbd7 $6 ({Paradoxically at a
glance, giving up a king-side pawn (temporarily) would have been a better
option for Black:} 26... g6 27. Nxh6+ Kg7 28. Qe3 Rh8 29. e5 Nh5 30. Ng4 {
- after} Qd7 {the pawn is regained, while the position remains highly
complicated.}) 27. Rcd1 Kh8 $2 {The first, and thankfully for Black, only
serious mistake in this game.} (27... g6 $1 {was again an excellent
continuation for Black, capitalizing on the instability of White's center in
contrast with Black's active pieces, e.g.,} 28. Nxh6+ Kg7 29. Ng4 Nxg4 30. Qxg4
Qb6 {with the idea to pressure both central pawns, as Black threatens both
Nd7-Nf6 and Nd7-Ne5-Nd3}) 28. Qh3 {The maneuver Qf3-Qf2-Qh4 is even stronger
for White, coupled with the threat of sacrificing a knight on h6 and opening
the bishop's diagonal via e4-e5. One difference between 28.Qf2 and 28.Qh3,
showing up deep in some lines, is that with a queen on f2, the white king is
covered, so there are no intermediate checks by the black queen when the
d4-pawn starts rolling.} (28. Qf2 Re6 29. e5 Ne8 {and after Nf5-Ne3-Ng4
White's e5-pawn is well defended, so d4-d5 is possible and strong, winning the
exchange.}) 28... Re6 29. e5 Ne8 30. Ne4 $6 {With the well known idea to
\"bring more pieces to the party\", while counting on Black not to touch the
knight since Black's bishop looks so well on the long diagonal.} (30. Rf1 {
was stronger - improving the position of the rook, while pressing on f7.})
30... Rg6 $6 ({But what if Black eliminates that knight?} 30... Bxe4 31. Bxe4
Nxe5 $1 {The idea of Black giving up a piece for these central pawns while
retaining pressure on the remaining pieces and pawns somehow did not occur to
White during the game. Around this point (after move 30), the clock time
starts to affect decisions -- in this complex position, White had 17 minutes
left, while Black had around 27.} 32. dxe5 Qc5+ $1 {The order of moves matters
a lot, since the queen wants to step on e5 while still threatening b2, i.e.,
without a White piece on d4 covering the main diagonal} (32... Rxd1 $6 33. Rxd1
Qc5+ (33... Qxe5 34. Nd4 Qxe4 35. Nxe6 Qe2 36. Rf1 fxe6 37. Qc3 {±}) 34. Rd4
Rxe5 35. Qe3 {±}) 33. Qe3 Rxd1 34. Rxd1 Qxe5 35. Rd8 $1 Qxb2 36. Nd6 Qa1+ 37.
Kf2 Qf6+ {and Black has good drawing chances with three pawns for the piece
and an exposed white king.}) 31. Nh4 Rb6 32. Ng5 {Black's pieces look visually
disorganized, but in practice it's not easy to see how to break through the
defenses, especially in a low time situation. White spent 5 minutes looking
for a decisive continuation and in finding none decided to just keep bringing
pieces to the party. :-)} (32. Qf5 Nf8 {was another way to play, still with
Black holding the defense on the edge.}) 32... Nf8 {Obviously not falling for
the obvious (and pretty) checkmate trap: 32... hxg6?? 33. Ng6+ Kg8 34. Qh8#}
33. Rf1 Bd5 {Black keeps finding the best defensive moves! The bishop
blockades the d4-pawn and defends the f7-square, all while staying on its
active main diagonal.} 34. Nf5 Kg8 35. Ne4 Ng6 36. Nfd6 $2 {With just 7
minutes left (versus 17 for the opponent) and no decisive attack in sight,
White decides to try a different approach - landing one of the knights on the
outpost square d6, hoping the cut Black's defensive resources in two disjoint
units, while still pressing on f7. However, this move leads to simplifications,
which favor Black.} (36. Ne3 {would have instead kept the position complex and
White's attack ongoing.}) 36... Nxd6 37. Nxd6 Ne7 {Remaining flexible, while
preparing to trade White's knight via Ne7-Nc8.} (37... Rbxd6 38. exd6 Rxd6 {
would have been a fine way to keep the defense strong, yet it would have felt
like a small concession - and a psychological boost for White - to give up the
exchange. Objectively, the resulting position is close to equal.}) 38. Bf5 $6 {
Attempting to prevent Ne7-Nc8 in order to maintain the strong knight outpost.
But this move gives up all of White's small remaining advantage, as Black
continues to simplify effectively.} Nxf5 39. Qxf5 Rf8 {If Black were to play
more ambitiously, they could try 39... b4 instead, since White's king-side
attack is going nowhere and there are fewer pieces (and little time left) to
organize a good defense on the queen-side. But at this point it was clear that
a draw would suffice for Black to share 1st place in the tournament, and
having survived White's attack Black may have felt uneasy about asking for
more.} 40. Rf4 {Mindful not to \"burn bridges\" back to safety, White tries
one last chance.} Qd8 {Black maintains a cool-headed approach and goes for
further simplifications.} (40... b4 $5 41. axb4 Rxb4 42. Ne4 Bxe4 43. Qxe4 Rxb2
44. e6 f6 45. d5 c3 46. e7 Re8 47. d6 Qc5+ 48. Kh1 c2 49. Qe6+ $1 Kh7 $1 50.
Rc1 Rb1 51. Rff1 Rxc1 52. Rxc1 Qd4 $1 53. h3 Qd2 54. Rxc2 Qxc2 55. d7 Qb1+ 56.
Kh2 Qb8+ {would have been a sharp, nearly all forced, and still peaceful
ending - by perpetual check - to this exciting game!}) 41. Rc1 Qg5 {Game drawn
by agreement Effectively forcing queen exchanges and offering a draw that
White could not refuse with 2:30 left on the clock. White's enterprising
attacking effort met an equally resourceful and solid defense by Black - the
main claim to brilliancy of this game - and the resulting draw was well
deserved.} ({After} 41... Qg5 42. Rc2 Rxd6 $1 43. exd6 Qxf5 44. Rxf5 Be4 45.
Rc5 $1 Bxc2 46. d7 Bf5 47. Rxf5 Rd8 48. Rd5 Kf8 49. Rd6 Ke7 50. Rxa6 Rxd7 51.
Rb6 Rd5 52. Kf2 {the rook endgame is almost certainly drawn.}) 1/2-1/2

[Event "Washington Class Championships"]
[Site "Chess.com"]
[Date "2020.11.29"]
[Round "6"]
[White "Whale, Nicholas"]
[Black "Anand, Vignesh"]
[Result "1-0"]
[WhiteElo "2065"]
[BlackElo "2080"]
[Annotator "Nicholas Whale"]
[PlyCount "81"]
[EventDate "2020.??.??"]

{[%evp 0,81,29,20,21,-7,6,-24,-14,-18,9,9,8,12,13,19,17,-5,19,-24,-16,-16,-18,
-19,-19,-16,-6,-12,-10,-9,-7,-39,-46,-33,64,-5,45,11,45,-19,-12,-20,-19,-19,15,
-32,51,67,126,63,152,162,162,150,158,166,195,217,274,268,275,238,217,135,149,
87,191,216,201,211,238,238,698,746,811,828,2343,2045,2476,1139,1197,553,616,
606] I had gotten remarkably lucky thus far in the tournament, winning two
games very quickly due to some unfortunate opponent mouse slips. As nice as
that is when it happens, this game was much more satisfying.} 1. Nf3 Nf6 2. c4
e6 3. g3 d5 4. d4 Be7 5. Bg2 O-O 6. O-O c6 {The Closed Catalan.} 7. Qc2 b6 8.
b3 Bb7 9. Ba3 $5 {This maneuver to trade off the dark-squared bishops is more
usually seen against the Stonewall setup, since with a pawn up on f5 Black's
dark squares are more vulnerable. Here, objectively speaking it's probably not
the best, but at least we get a different sort of position than usual, which
is mostly what I was hoping for.} Bxa3 10. Nxa3 Qe7 11. Qb2 {Kind of
awkward-looking, but if Black ever takes on c4 my knight can re-emerge with a
vengeance.} Nbd7 12. Rac1 Ne4 13. Rfd1 f5 {We end up with a kind of
Stonewall-like structure after all.} 14. e3 g5 {Black goes for the direct
kingside attack, but doesn't quite have enough pieces to support it.} 15. Ne5 (
{I didn't find} 15. cxd5 exd5 {all that appealing, since now my knight is
pretty useless on a3.}) 15... Nxe5 16. dxe5 Qg7 $6 {Natural, but apparently
inaccurate.} ({Stockfish claims} 16... g4 {is a slight edge for Black.}) 17. f4
$6 {I thought locking up the pawns basically shut down all of Black's
attacking chances, but this isn't quite true...} (17. f3 $1 {is better to
eject the strong knight.}) 17... Rfd8 $6 {This is the wrong rook to use, as
now the one on a8 has trouble contributing anything.} 18. Bxe4 (18. cxd5 {
is also good, i.e.} Rxd5 ({or} 18... cxd5 19. Nb5) 19. Nc4) 18... fxe4 {
Vignesh offered a draw here. I thought about it for a bit, but decided to keep
trying, since a win would clinch me the sole first U2200 prize...} ({The text
avoids} 18... dxe4 $6 19. c5 $1 {and Black really starts suffering from his
dark square problems.}) 19. Qe2 $2 {...and immediately made a mistake. I
thought I was cleverly switching gears to try and exploit Black's overextended
kingside, but there are multiple good ways to meet this.} gxf4 {The simplest.}
({After a careless move like} 19... Rac8 $2 {I play} 20. Qg4 $1 {and Black's
position becomes quite difficult.}) (19... d4 $5 {is also interesting:} 20.
exd4 gxf4 21. Qxe4 Rf8 {It seems easier for Black to play than White.}) 20.
exf4 Qg6 (20... Rf8 $1 {is pretty good, since my intended} 21. Qe3 $6 {runs
into} c5 $1 22. cxd5 exd5 {with a nasty-looking pawn center.}) 21. c5 {I
thought this was forced, or else Black will play it and get a similar position
to the above line.} d4 $5 {Very bold, weakening both the d- and e-pawns, as
well as finally letting my knight into c4. If he can get the pawns far enough
there would be plenty of compensation, but I was skeptical.} 22. Qb2 {The
pawns are tough to defend, so I tried to pile up on them.} ({I didn't like the
look of} 22. Nc4 Ba6 23. Qf2 e3) 22... d3 $2 {A major step in the wrong
direction, as now I can erect a solid blockade.} ({Instead, Stockfish finds} 
22... bxc5 23. Rxc5 Qh5 $1 {We both probably underestimated this move} 24. Qd2
(24. Rxd4 $4 e3 $1 {And apparently Black is completely winning! There are just
too many threats involving my weak king and various promotion tactics, like}
25. Kg2 Ba6 $1 26. Nc4 Rxd4 $1 27. Qxd4 Qe2+ 28. Kh3 Qf1+ 29. Kh4 e2) 24... e3
25. Qd3 Ba6 $1 26. Nc4 Rac8 {It's very hard to find a move here.}) 23. Qf2 {
Now, on the other hand, I can easily deal with the threats.} Rd5 24. Qe3 Rxc5
$6 (24... Rad8 {is a better try but still insufficient.}) 25. Rxc5 bxc5 26. Nc4
$1 {Much better than retaking the pawn.} Ba6 27. Nd6 {With the knight invading
in such a dominating fashion, I was very confident of victory. Vignesh gamely
tries for counterplay, but it's probably too late now.} Rd8 28. Nxe4 c4 29.
Nf6+ {An even better square for the knight, covering all the squares the black
queen can use to invade. Black sorely misses his other bishop...} Kh8 30. bxc4
Bxc4 31. Rd2 (31. Qc5 {is even better.}) 31... Qf7 32. Qe4 $6 {This gives him
one last chance.} (32. Qc5 {again.}) 32... Bb5 $2 (32... Bxa2 $1 33. Qxc6 (33.
Rxd3 Bd5 $1 {Black's bishop holds things together.} 34. Qb4 Qc7 {White is
still better, but there's more work to do.}) (33. Rxa2 $2 d2 34. Rxd2 Rxd2 35.
Qxc6 {is only a draw.}) 33... Bd5 34. Qc3 Qb7 35. Qxd3 Qb6+ {and at least
Black has some threats.}) 33. a4 $1 {Driving the bishop away from the c6-pawn,
after which things are much clearer.} Ba6 34. Qxc6 Bb7 35. Qc4 Qg6 $4 {This
loses at once, but otherwise I just take the d-pawn as well and Black suffers
a slow death.} 36. Qc7 Rc8 37. Qxb7 Rc2 {Now there are a few ways to win, but
I just went with the simplest one.} 38. Qb8+ (38. Rxd3 $1 Qxd3 39. Qb8+ Kg7 40.
Qg8+ Kh6 41. Qg5#) 38... Kg7 39. Qg8+ (39. Rxd3 $1 {leads to the same line as
above.}) 39... Kh6 40. Qxg6+ hxg6 41. Rxd3 {The endgame is completely hopeless
for Black, down a piece and two pawns; so Vignesh resigned here and I won the
first U2200 prize!} 1-0

[Event "Washington Class Championships"]
[Site "Chess.com"]
[Date "2020.11.27"]
[Round "2"]
[White "Guha, Mitrabha"]
[Black "Whale, Nicholas"]
[Result "1-0"]
[WhiteElo "2445"]
[BlackElo "2065"]
[Annotator "Mitrabha Guha"]
[PlyCount "81"]
[EventDate "2020.??.??"]

{[%evp 0,81,19,34,29,1,39,32,29,4,4,12,21,21,23,22,44,14,39,-3,0,-10,-8,2,-19,
-28,-31,-5,5,-7,25,28,21,-1,31,8,12,23,25,24,24,33,45,55,64,58,106,110,110,110,
110,101,142,138,138,118,132,119,119,119,191,154,191,152,208,190,285,285,285,
285,469,450,468,477,627,629,650,650,667,683,1191,1274,1243,1980]} 1. d4 Nf6 2.
c4 g6 3. g3 Bg7 4. Bg2 O-O 5. Nc3 d6 6. Nf3 Nbd7 7. O-O e5 8. h3 Re8 9. e4 exd4
10. Nxd4 Nc5 11. Re1 a5 12. b3 Nfd7 13. Be3 Ne5 14. Qc2 b6 {A slight
positional mistake as it weakens the c6 square and also the bishop is better
placed on c8-h3 diagonal.} (14... Ned3 15. Red1 Nb4 16. Qe2) 15. Rad1 Bb7 16.
Nd5 Nc6 (16... c6 17. Nc3 Qc7 18. f4 Ned7 19. Bf2) 17. Nb5 Nb4 18. Qb1 Nxd5 19.
cxd5 {White is already better.} Re7 20. Bd4 {The black bishop is too strong.}
Bxd4 21. Nxd4 Qd7 22. a3 Rae8 23. b4 axb4 24. axb4 Na6 {Both the minor pieces
are out of play right now.} 25. Qb3 Ra8 26. f4 Nb8 27. Qc3 (27. e5 {was a
direct and a very strong attempt at converting the advantage.} dxe5 28. fxe5
Qa4 29. Qc3 Qa3 30. Nb3 $16) 27... Ra4 28. Ra1 (28. e5 dxe5 29. fxe5 Ra2 30.
Nc2 $16) 28... Rxa1 29. Rxa1 Ba6 $2 (29... c5 {Active play was needed as a
last try to save for Black.} 30. bxc5 bxc5 31. Nc2) 30. Kh2 Qe8 31. Qc2 Qd7 32.
h4 {This brings the last white piece into the game.} (32. b5 Bxb5 33. Ra8 Re8
34. Nxb5 Qxb5 35. Qxc7 Qc5 36. Qb7 Qc8 37. Qxb6 $18) 32... Qe8 (32... Qd8 33.
Bh3 $18) 33. b5 {This wins on the spot.} Bb7 (33... Bc8 34. Ra8 Bd7 (34... Bg4
35. Nc6 Nxc6 36. Rxe8+) 35. Qxc7) (33... Bxb5 34. Ra8 Bd7 35. Qxc7 Bc6 36. Qxe7
Qxe7 37. Nxc6 Qc7 38. Rxb8+) 34. Ra7 Qc8 35. Bh3 Nd7 36. Nc6 Bxc6 (36... Re8
37. Bxd7) 37. bxc6 $18 f5 38. cxd7 Qxd7 39. Ra8+ Kg7 40. Qb2+ Kh6 41. Bxf5 1-0